000 00517nam a2200229Ia 4500
005 20250425162426.0
008 250425s9999 xx 000 0 und d
020 _a9507432795
041 _aspa
082 _a338.4791
100 _aPUIG, ADELA
245 0 _aLOS NUEVOS NEGOCIOS TURISTICOS
250 _a1A ED.
260 _aArgentina
_bVALLETTA
_c2006
260 _aS.L.
300 _a427
650 _aTURISMO
700 _aLEDESMA, ALICIA
700 _aNOIA, DIEGO
942 _c01
010 _a72694
999 _c228945
_d228945